MARC details
| 000 -LEADER |
| fixed length control field |
01766nam a22003977a 4500 |
| 001 - CONTROL NUMBER |
| control field |
200462214 |
| 003 - CONTROL NUMBER IDENTIFIER |
| control field |
TR-AnTOB |
| 005 - DATE AND TIME OF LATEST TRANSACTION |
| control field |
20240806093730.0 |
| 008 - FIXED-LENGTH DATA ELEMENTS--GENERAL INFORMATION |
| fixed length control field |
240806b tu ||||| |||| 00| 0 tur d |
| 020 ## - INTERNATIONAL STANDARD BOOK NUMBER |
| International Standard Book Number |
9786051377360 |
| 040 ## - CATALOGING SOURCE |
| Language of cataloging |
tur |
| Description conventions |
rda |
| Transcribing agency |
TR-AnTOB |
| Original cataloging agency |
TR-AnTOB |
| 041 0# - LANGUAGE CODE |
| Language code of text/sound track or separate title |
Türkçe |
| 044 ## - COUNTRY OF PUBLISHING/PRODUCING ENTITY CODE |
| ISO country code |
tu |
| 092 ## - LOCALLY ASSIGNED DEWEY CALL NUMBER (OCLC) |
| Classification number |
940.3 |
| Item number |
ÖRS 2019 |
| 100 1# - MAIN ENTRY--PERSONAL NAME |
| Personal name |
Örses, Tunca. |
| Relator term |
Author |
| 245 1# - TITLE STATEMENT |
| Title |
Cihan harbinde Türkler, 1914-1918/ |
| Statement of responsibility, etc. |
Tunca Örses ; İclal Örses. |
| 260 ## - PUBLICATION, DISTRIBUTION, ETC. |
| Place of publication, distribution, etc. |
Ankara : |
| Name of publisher, distributor, etc. |
Türkiye Odalar ve Borsalar Birliği, |
| Date of publication, distribution, etc. |
2019. |
| 300 ## - PHYSICAL DESCRIPTION |
| Extent |
563 Pages. : |
| Other physical details |
ill. ; |
| Dimensions |
27 cm. |
| 336 ## - CONTENT TYPE |
| Content type term |
metin |
| Content type code |
txt |
| Source |
rdacontent |
| 337 ## - MEDIA TYPE |
| Media type term |
aracısız |
| Media type code |
n |
| Source |
rdamedia |
| 338 ## - CARRIER TYPE |
| Carrier type term |
cilt |
| Carrier type code |
nc |
| Source |
rdacarrier |
| 490 1# - SERIES STATEMENT |
| Series statement |
TOBB ; |
| Volume/sequential designation |
332 |
| 500 ## - GENERAL NOTE |
| General note |
Cihan Harbi’nde Türkler 1914 - 1918, Tunca Örses, İclal Örses tarafından kaleme alınmıştır. Kitap 2019 yılında TOBB tarafından [Ankara] yayınlanmıştır. Sayfa bilgisi 565 s. olarak belirtilmiştir. Cihan Harbi’nde Türkler 1914 - 1918 adlı eser Türkçe dilindedir. |
| 650 #0 - SUBJECT ADDED ENTRY--TOPICAL TERM |
| Topical term or geographic name entry element |
Dünya Savaşı, 1914-1918 -- Türkiye |
|
| Topical term or geographic name entry element |
Dünya Savaşı, 1914-1918 -- Cepheler -- Türkiye -- Gelibolu Yarımadası -- Resimli çalışmalar |
|
| Topical term or geographic name entry element |
Dünya Savaşı, 1914-1918 -- Türkiye -- Çanakkale Savaşı |
|
| Topical term or geographic name entry element |
Kahramanlar -- Türkiye -- Dünya Savaşı, 1914-1918 |
|
| Topical term or geographic name entry element |
Gelibolu Yarımadası (Çanakkale, Türkiye) -- Tarih |
|
| Topical term or geographic name entry element |
Gallipoli Peninsula (Turkey) -- History |
|
| Topical term or geographic name entry element |
Gelibolu Yarımadası (Çanakkale, Türkiye) -- Resimli çalışmalar |
|
| Topical term or geographic name entry element |
World War, 1914-1918 -- Turkey -- Gallipoli Peninsula -- Pictorial works -- Exhibitions |
| 653 ## - INDEX TERM--UNCONTROLLED |
| Uncontrolled term |
Gelibolu |
| 942 ## - ADDED ENTRY ELEMENTS (KOHA) |
| Source of classification or shelving scheme |
Dewey Decimal Classification |
| Koha item type |
Book |